Loading...
| Science - Physics | 0 | 5 | 0 | 0 | 50 | 38 | 54.60 | 1 | 3 | 0.00 | 0.00 |
| Religion | 0 | 4 | 0 | 0 | 40 | 29 | 62.75 | 2 | 2 | 0.00 | 0.00 |
| Literature - British | 0 | 3 | 0 | 0 | 30 | 58 | 77.00 | 0 | 2 | 0.00 | 0.00 |
| Philosophy | 0 | 3 | 0 | 0 | 30 | 53 | 71.00 | 0 | 1 | 0.00 | 0.00 |
| Current Events | 0 | 1 | 0 | 0 | 10 | 102 | 102.00 | 0 | 0 | 0.00 | 0.00 |
| Literature - World | 0 | 1 | 0 | 0 | 10 | 93 | 93.00 | 0 | 1 | 0.00 | 0.00 |
| Geography | 0 | 1 | 0 | 0 | 10 | 72 | 72.00 | 0 | 0 | 0.00 | 0.00 |
| History - American | 0 | 1 | 0 | 0 | 10 | 79 | 79.00 | 0 | 0 | 0.00 | 0.00 |
| Literature - European | 0 | 1 | 0 | 0 | 10 | 86 | 86.00 | 0 | 0 | 0.00 | 0.00 |
| Science - Chemistry | 0 | 2 | 3 | 1 | 5 | 15 | 53.50 | 1 | 1 | 0.00 | 0.00 |
| Science - Other | 0 | 2 | 3 | 0 | 5 | 76 | 80.00 | 0 | 0 | 0.00 | 0.00 |
| History - World | 0 | 1 | 1 | 0 | 5 | 42 | 42.00 | 0 | 1 | 0.00 | 0.00 |
| Literature - American | 0 | 0 | 0 | 0 | 0 | 0.00 | 0 | 0 | 0.00 | 0.00 | |
| Science - Biology | 0 | 1 | 2 | 0 | 0 | 66 | 66.00 | 0 | 0 | 0.00 | 0.00 |